| 000 | nam a22 7a 4500 | ||
|---|---|---|---|
| 999 |
_c332283 _d332283 |
||
| 003 | NUST | ||
| 005 | 20171122122433.0 | ||
| 008 | 171122b xxu||||| |||| 00| 0 eng d | ||
| 020 | _a041510890x | ||
| 040 | _c0 | ||
| 082 | _a910.02 BRI | ||
| 100 |
_aBriggs,David _96667 |
||
| 245 |
_aFundamentals of the Physical Environment _cDavid briggs |
||
| 250 | _a2nd ed. | ||
| 260 |
_aLondon _bROUTLEDGE _c1997. |
||
| 300 | _a557p. | ||
| 500 | _aP.B | ||
| 942 |
_2ddc _cBK _kIESE |
||